Normal view
MARC view
- Accounting Information Systems
Entry Topical Term
001 - CONTROL NUMBER
- control field: 3138
003 - CONTROL NUMBER IDENTIFIER
- control field: JO-AjAnu
005 - DATE AND TIME OF LATEST TRANSACTION
- control field: 20230606070822.0
008 - FIXED-LENGTH DATA ELEMENTS
- fixed length control field: 230606|| aca||aabn | a|a d
040 ## - CATALOGING SOURCE
- Original cataloging agency: JO-AjAnu
- Transcribing agency: JO-AjAnu
150 ## - HEADING--TOPICAL TERM
- Topical term or geographic name entry element: Accounting Information Systems
670 ## - SOURCE DATA FOUND
- Source citation: Work cat.: (JO-AjAnu)1644: Boockholdot,J.L, author 3137, Accounting Information Systems: Transaction Processing and Controls